000 00193 a2200097 4500
001 7990
100 _aFleming, P
245 _aInvasion 1940
260 _a
_bHart davis
_c
090 _c6399
_d6399
942 _aNUST-CAE
_cM
_c32932
999 _c243063
_d243063